Didier Deschamps' Juventus - Statistics

General Stats
  • This quiz has been taken 14 times
  • The average score is 12 of 27
Answer Stats
Rank Player Position Nationality Matches Goals Assists % Correct
1 Gianluigi Buffon Goalkeeper 40 0 0
100%
5 Alessandro Del Piero Second Striker 36 23 13
92%
4 Pavel Nedved Left Midfield 36 12 9
92%
9 David Trezeguet Centre-Forward 30 14 6
83%
6 Giorgio Chiellini Centre-Back 35 4 3
83%
13 Claudio Marchisio Central Midfield 26 0 1
67%
7 Mauro Camoranesi Right Midfield 35 4 7
67%
19 Marcelo Zalayeta Centre-Forward 16 4 1
42%
20 Nicola Legrottaglie Centre-Back 11 0 0
42%
22 Paolo De Ceglie Left-Back 6 1 0
42%
18 Robert Kovac Centre-Back 19 0 0
42%
27 Sebastian Giovinco Second Striker 1 0 1
42%
3 Alessandro Birindelli Right-Back 38 1 3
33%
12 Cristiano Zanetti Defensive Midfield 27 2 4
33%
15 Giuliano Giannichedda Defensive Midfield 22 0 0
33%
8 Jean-Alain Boumsong Centre-Back 31 2 0
33%
16 Jonathan Zebina Centre-Back 22 0 1
33%
11 Marco Marchionni Right Midfield 28 2 3
33%
14 Raffaele Palladino Left Winger 25 8 5
33%
2 Federico Balzaretti Left-Back 38 2 11
25%
10 Matteo Paro Central Midfield 30 1 2
25%
25 Tomás Guzmán Attacking Midfield 3 0 0
25%
23 Antonio Mirante Goalkeeper 5 0 0
17%
24 Dario Venitucci Attacking Midfield 3 0 0
17%
21 Felice Piccolo Centre-Back 6 0 0
17%
26 Raffaele Bianco Defensive Midfield 2 0 0
17%
17 Valeri Bozhinov Centre-Forward 20 7 1
17%
No matching quizzes found
Score Distribution
Percent of People with Each Score
Percentile by Number Answered
Your Score History
You have not taken this quiz